| 000 | 00985nam a22002535a 4500 | ||
|---|---|---|---|
| 003 | OSt | ||
| 005 | 20160825125800.0 | ||
| 008 | 160825s2010 ua frb 000 0 ara d | ||
| 015 | _a2010/3475 | ||
| 020 | _a9789770318089 | ||
| 040 |
_aEG-ScBUE _bara _cEG-ScBUE |
||
| 082 | 0 | 4 |
_a346.02 _bن ب ي _222 |
| 100 | 1 |
_aنبيه، نسرين عبد الحميد. _940894 |
|
| 245 | 1 | 4 |
_aالعقود الدولية وما قد تجده من مشكلات في الدول العربية / _cنسرين عبد الحميد نبيه. |
| 260 |
_aالإسكندرية : _bمنشأة المعارف، _c2010. |
||
| 300 |
_a297 ص. ؛ _c24 سم. |
||
| 490 | 0 | _aكتب القانونية | |
| 504 | _aيشتمل على إرجاعات ببليوجرافية. | ||
| 630 | 0 | 7 |
_aإتفاقية الأمم المتحدة لمكافحة الفساد _d(2003) _2BUEsh _940876 |
| 650 | 7 |
_aالعقود الدولية. _2BUEsh _940877 |
|
| 651 | _2BUEsh | ||
| 653 |
_bLLAAWW _cAugust 2016 |
||
| 942 | _2ddc | ||
| 999 |
_c22240 _d22212 |
||